000 01062nam0a2200325 4500
001 RU\NLR\b_ik\180762
005 20250616230748.0
010 _a978-5-9900442-3-4
035 _a(NLR Aleph) 002253316
090 _a3718635
_c3718635
100 _a20091209d2009 |||y0rusy50 ca
101 0 _aeng
102 _aRU
105 _aa |||||||||
200 1 _aMoscow
_epractical guide
_f[Denis Kosyakov a. Tatiana Nazarova]
210 _aMoscow
_cNazarova
_d2009
215 _a117 с.
_cцв. ил.
_d16
300 _aНа обороте тит. л. в макете загл.: Practical guide Moscow
300 _aВ вып. дан.: Москва
517 0 _aPractical guide Moscow
517 0 _aМосква
541 0 _aМосква: путеводитель
_zrus
607 _aМосква, город
_jПутеводители
_91187077
_3RU\NLR\AUTH\66160741
686 1 _aД890(2Р-2М)я23
686 1 _aТ3(2-2М)
702 1 _aKosjakov
_bD. N.
_gDenis N
_4220
801 0 _aRU
_bNLR
_c20091209
_gRCR
942 _cBOOK
980 _aNB